| 000 | 00487nam a22001817a 4500 | ||
|---|---|---|---|
| 003 | BD-ChCU | ||
| 005 | 20260415125105.0 | ||
| 008 | 260415b bg ||||| |||| 00| 0 ben d | ||
| 040 | _cBD-ChCU | ||
| 082 | _a591.51 THL | ||
| 100 |
_aThorpe , W. H. _921515 |
||
| 245 |
_aLearning and instinct in animals ./ _cW.H. Thorpe . |
||
| 250 | _a2nd ed. | ||
| 260 |
_aLondon : _bMethuen , _cC 1963 |
||
| 300 | _ax ,558p. | ||
| 650 | 0 |
_aBiology . Ecology . Zoology. _921516 |
|
| 942 |
_2ddc _cBK _n0 |
||
| 999 |
_c112219 _d112219 |
||